Normal view
MARC view
Entry Uniform Title
001 - CONTROL NUMBER
- control field: 2755
003 - CONTROL NUMBER IDENTIFIER
- control field: NUST
005 - DATE AND TIME OF LATEST TRANSACTION
- control field: 20170615135410.0
008 - FIXED-LENGTH DATA ELEMENTS
- fixed length control field: 170615|| aca||aabn | a|a d
040 ## - CATALOGING SOURCE
- Original cataloging agency: NUST
- Transcribing agency: NUST
130 ## - HEADING--UNIFORM TITLE
- Uniform title:
- Form subdivision: Volume:702
670 ## - SOURCE DATA FOUND
- Source citation: Work cat.: (NUST)24623: Cambridge University Press 2672, Journal of Fluid Mechanics vol 702 Jul, 10,July,2012
